| 000 | nam a22 a 4500 | ||
|---|---|---|---|
| 999 |
_c182210 _d182210 |
||
| 003 | BLK | ||
| 005 | 20221123114315.0 | ||
| 008 | 180411b bul|||||r ||||||| ||bul|| | ||
| 040 | _aBLK | ||
| 041 |
_aBUL _cBUL |
||
| 080 |
_aБългарска литература _b821.163.2 _x(081) _z821.163.2(081) |
||
| 080 |
_aБългарска литература _b821.163.2 _x-32 _z821.163.2-32 |
||
| 100 | 1 |
_aГригоров, Крум _eпърви автор _gЗахариев, Крум Григоров _9377033 |
|
| 139 |
_aГригоров, Крум _bГ 82 |
||
| 245 | 1 | 0 |
_aИзбрани произведения в два тома _bТ. 1-2 за том : Повести _cКрум Григоров; Крум Григоров Захариев. _nТ. 2 _pСред народа |
| 257 | _aBGR | ||
| 260 |
_aСофия _bБълг. писател _c1979 |
||
| 300 | _c21 см | ||
| 380 | _aX | ||
| 505 | _tРаздолчани | ||
| 700 | 1 |
_aЗахариев, Крум Григоров _9276532 |
|
| 760 | 1 |
_aГригоров, Крум _dСофия, 1979 _h527 с. _oТ. 2 Сред народа _tИзбрани произведения в два тома |
|
| 852 |
_aЦб 96721 _bЦб |
||
| 942 |
_cKNG _n0 _01 _s1 |
||
| 944 |
_aCR _c29.09.2016 _kТеодора_Стоянова |
||
| 944 |
_aED _c2022-11-23 |
||